Normal view MARC view

Entry Personal Name

Number of records used in: 4

001 - CONTROL NUMBER

  • control field: 5215

003 - CONTROL NUMBER IDENTIFIER

  • control field: dpl

005 - DATE AND TIME OF LATEST TRANSACTION

  • control field: 20100803144702.0

008 - FIXED-LENGTH DATA ELEMENTS

  • fixed length control field: 100803|||a|||||| | ||| d

040 ## - CATALOGING SOURCE

  • Original cataloging agency: dpl
  • Transcribing agency: dpl

100 ## - HEADING--PERSONAL NAME

  • Personal name: Bhatti, J.R

670 ## - SOURCE DATA FOUND

  • Source citation: Work cat.: (dpl)38631: Bhatti, J.R, The dynamics of personality development and projection /, 2009

670 ## - SOURCE DATA FOUND

  • Source citation: Work cat.: (dpl)38631: Bhatti, J.R, The dynamics of personality development and projection /, 2009

© Delhi Public Library
Hit Counter
free hit counter